Văn hóa dân gian Việt - Chăm nhìn trong mối quan hệ Qua cứ liệu văn hoá dân gian miền Trung Q.1 Văn hóa dân gian Việt - Chăm nhìn trong mối quan hệ

Trình bày về sự giao thoa, tiếp biến văn hoá dân gian Việt - Chăm, Chăm - Việt trong đặc điểm lịch sử - văn hoá, giao lưu văn hoá dân gian, lời ăn, tiếng nói, tín ngưỡng, lễ hội, văn học, âm nhạc, nghệ thuật múa dân gian tại miền Trung Việt Nam...

Full beskrivning

Sparad:
Bibliografiska uppgifter
Huvudupphovsman: Võ Văn Hoè
Övriga upphovsmän: Hồ Tấn Tuấn, Trần Hồng
Materialtyp: Bok
Språk:Vietnamese
Publicerad: H. Khoa học xã hội 2015
Ämnen:
Taggar: Lägg till en tagg
Inga taggar, Lägg till första taggen!
Thư viện lưu trữ: Mạng thư viện Đại học Đà Nẵng
LEADER 02267aam a22004698a 4500
001 000023688
003 20141
005 20160115150105.0
008 160115s2015 viesd
020 |d 2000b 
041 0 |a vie 
082 0 4 |2 23  |a 390.09597  |b VO-H 
100 1 |a Võ Văn Hoè 
245 1 0 |a Văn hóa dân gian Việt - Chăm nhìn trong mối quan hệ  |b Qua cứ liệu văn hoá dân gian miền Trung  |c Võ Văn Hoè, Trần Hồng, Hồ Tấn Tuấn  |n Q.1  |p Văn hóa dân gian Việt - Chăm nhìn trong mối quan hệ 
260 |a H.  |b Khoa học xã hội  |c 2015 
300 |a 639 tr.  |b minh hoạ  |c 21 cm. 
500 |a ĐTTS ghi: Hội Văn nghệ dân gian Việt Nam 
520 |a Trình bày về sự giao thoa, tiếp biến văn hoá dân gian Việt - Chăm, Chăm - Việt trong đặc điểm lịch sử - văn hoá, giao lưu văn hoá dân gian, lời ăn, tiếng nói, tín ngưỡng, lễ hội, văn học, âm nhạc, nghệ thuật múa dân gian tại miền Trung Việt Nam 
650 0 4 |2 Bộ TK TVQG  |a Văn hóa dân gian  |x Dân tộc Chăm  |z Việt Nam 
650 0 4 |2 Bộ TK TVQG  |a Văn hóa dân gian  |x Dân tộc Kinh 
650 7 |2 Bộ TK TVQG 
650 7 |2 Bộ TK TVQG 
651 7 |2 Bộ TK TVQG  |a Miền Trung 
651 7 |2 Bộ TK TVQG  |a Việt Nam 
653 |a Dân tộc Chăm 
653 |a Quan hệ văn hoá 
653 |a Dân tộc Kinh 
653 |a Văn hóa dân gian 
700 1 |a Hồ Tấn Tuấn 
700 1 |a Trần Hồng 
773 |a Võ Văn Hoè  |d H.  |d Khoa học xã hội  |d 2015  |n ĐTTS ghi: Hội Văn nghệ dân gian Việt Nam  |t Văn hoá dân gian Việt - Chăm nhìn trong mối quan hệ  |w 671448 
773 |d Khoa học xã hội  |d H.  |d 2015  |t Văn hóa dân gian Việt - Chăm nhìn trong mối quan hệ  |w 20140 
OWN |a LSP 
AVA |a UDN50  |b LSP  |d 390.09597 VO-H  |e available  |t Error 5001 Not defined in file expand_doc_bib_avail.  |f 1  |g 0  |h N  |i 0  |k 1 
999 |a From the UDN01 
AVA |a UDN50  |b LSP  |d 390.09597 VO-H  |e available  |t Error 5001 Not defined in file expand_doc_bib_avail.  |f 1  |g 0  |h N  |i 0  |k 1 
TYP |a Monograph 
TYP |a Printed language 
980 |a Mạng thư viện Đại học Đà Nẵng